000 00766nam a2200229 i 4500
001 177834
003 ES-MaACL
005 20240118210056.0
008 110429s1994 sp |||| | spa d
020 _a848742239X
080 _a821.521-14
100 1 _aHaruyama, Fumío.
_962014
245 1 3 _aEl jardín de las horas /
_cFumío Haruyama ; prólogo y versión española, Juan Ruiz de Torres.
260 _aVillanueva de la Cañada (Madrid) :
_bEl Foro de la Encina,
_c1994.
300 _a31 p. ;
_c15 cm.
490 1 _aEncina de la Poesía ;
_v2
650 4 _aHaiku.
_9138415
700 1 _aRuiz de Torres, Juan,
_d1931-2014
_9155342
830 0 _aEncina de la Poesía ;
_v2
_9191084
852 _aES-MaACL
_j2306-F-1
999 _c177834
_d177834